Flagi w stylu australijskim - Statystyki

Ogólne statystyki
  • Ten quiz został rozwiązany 2 870 razy
  • Średni wynik to 14 z 16
Statystyki odpowiedzi
Obrazkowy Odpowiedź % Poprawnych
Brazylia
99%
Chiny / Wietnam
98%
Korea Południowa
98%
Kosowo
98%
Turcja
98%
Chile
97%
Bośnia i Hercegowina
96%
Liechtenstein
96%
Maroko
96%
Algieria
94%
Angola
92%
Singapur
92%
Uganda
88%
Malediwy
73%
Tuvalu
66%
Gwinea Bissau
60%
Nie znaleziono quizów pasujących do podanych kryteriów
Rozkład punktacji
Procent ludzi z każdym wynikiem
Percentyl według liczby udzielonych odpowiedzi
Twoja historia wyników
Nie rozwiązałeś tego quizu